Countries that like The United Kingdom - Statistics

General Stats
  • This quiz has been taken 58 times
  • The average score is 13 of 15
Answer Stats
Picture Answer % Correct
Ireland
100%
Germany
98%
India
98%
Australia
96%
France
96%
New Zealand
96%
South Africa
96%
Pakistan
93%
Cyprus
91%
Egypt
91%
Portugal
91%
Philippines
82%
Nigeria
73%
Fiji
64%
United States of America
53%
No matching quizzes found
Score Distribution
Percent of People with Each Score
Percentile by Number Answered
Your Score History
You have not taken this quiz